| 000 | 00462nam a2200181Ia 4500 | ||
|---|---|---|---|
| 003 | GCL | ||
| 008 | 140319s9999 xx 000 0 eng d | ||
| 040 |
_aGCL / _cGCL |
||
| 082 | 0 | 4 |
_a352.2 _bK P |
| 100 | 1 | _aWILLIAMS, JOHN | |
| 245 | 1 | 0 |
_aPOLICE OPERATIONS / _cWILLIAMS, JOHN |
| 700 | 1 | _aKENNEY, JOHN P. | |
| 260 |
_a[S.N] : _bCHEMIEAL PUBISING COMPANG,INC ، _c1960 |
||
| 300 | _a266 P | ||
| 650 | 0 | 4 | _aPOLICY |
| 650 | 0 | 4 | _aPOLICY SCIENCES |
| 942 |
_2ddc _cBK |
||
| 999 |
_c12750 _d12750 |
||